000 00562nam a22001937a 4500
003 KOHA_MİRAKIL
005 20250410172503.0
008 250410b tu ||||| |||| 00| 0 tur d
020 _a9786257650854
040 _aTR-AnABB
_btur
_cTR-AnABB
041 _atur
082 _a823.914
_bCAR 2021
100 1 _aCarey, Edward,
245 1 0 _aMinik madam Tussaud'nun olağanüstü hayatı /
_cEdward Carey
260 _aİstanbul :
_bİthaki Yayınları,
_c2021
300 _a459 sayfa ;
_c20 cm
650 0 4 _aİngiliz edebiyatı, roman
942 _2ddc
_cBK
999 _c8637
_d8637
900 _bGizem YORULMAZ